Cơ điện tử các thành phần cơ bản

Sparad:
Bibliografiska uppgifter
Huvudupphovsman: Trương, Hữu Chí
Materialtyp: Bok
Språk:Undetermined
Publicerad: Hà Nội Khoa học và Kỹ thuật 2007
Ämnen:
Taggar: Lägg till en tagg
Inga taggar, Lägg till första taggen!
Thư viện lưu trữ: Trung tâm Học liệu Trường Đại học Cần Thơ
LEADER 00685nam a2200217Ia 4500
001 CTU_127837
008 210402s9999 xx 000 0 und d
020 |c 28000 
082 |a 621.381 
082 |b Ch300 
100 |a Trương, Hữu Chí 
245 0 |a Cơ điện tử các thành phần cơ bản 
245 0 |c Trương Hữu Chí, Võ Thị Ry 
260 |a Hà Nội 
260 |b Khoa học và Kỹ thuật 
260 |c 2007 
526 |a Cơ cấu chấp hành cơ điện tử 
526 |b CN582 
650 |a Mechatronics,Cơ điện tử 
904 |i Nguyên 
980 |a Trung tâm Học liệu Trường Đại học Cần Thơ